Parcelas leñeras y estufas ecoeficientes : (Registro nro. 37748)

Detalles MARC
000 -CABECERA
Longitud fija campo de control 00809nam a2200181 4500
003 - • IDENTIFICADOR DELl NÚMERO DE CONTROL
Identificador del número de control CO-ViMGA
040 ## - FUENTE DE LA CATALOGACIÓN
Centro catalogador de origen CO-ViMGA
Lengua de catalogación spa
Centro transcriptor CO-ViMGA
082 04 - • NÚMERO DE LA CLASIFICACIÓN DECIMAL DEWEY
Número de clasificación (R) 363.7007
Número del ítem P171
110 ## - • PUNTO DE ACCESO PRINCIPAL-NOMBRE DE ENTIDAD CORPORATIVA
Nombre de entidad corporativa o nombre de jurisdicción como elemento inicial Gestión ambiental, responsabilidad de todos CAR.
245 10 - • TITULO PROPIAMENTE DICHO
Título Parcelas leñeras y estufas ecoeficientes :
Resto del título ejecutado en 11 municipios en la jurisdicción CAR /
Mención de responsabilidad, etc. Gestión ambiental, responsabilidad de todos CAR.
300 ## - • DESCRIPCIÓN FÍSICA
Extensión 90 p. :
Otras características físicas il. ; 28 cm.
Material Anexo + CD-ROW.
500 ## - • NOTA GENERAL
Nota general Portafolio de experiencias del proyecto.
650 14 - • PUNTO DE ACCESO ADICIONAL DE MATERIA - TÉRMINO DE MATERIA
Término de materia o nombre geográfico como elemento inicial Combustibles - Aspectos ambientales - Colombia.
650 14 - • PUNTO DE ACCESO ADICIONAL DE MATERIA - TÉRMINO DE MATERIA
Término de materia o nombre geográfico como elemento inicial Conservación de los recursos naturales - Colombia.
650 14 - • PUNTO DE ACCESO ADICIONAL DE MATERIA - TÉRMINO DE MATERIA
Término de materia o nombre geográfico como elemento inicial Parcelas agrícolas privadas - Aspectos ambientales - Colombia.
942 ## - ENTRADA DE ELEMENTOS AGREGADOS (KOHA)
Fuente de clasificaión o esquema Dewey Decimal Classification
Koha [por defecto] tipo de item LIbro
Existencias
Perdido Fuente de clasificación o esquema Estado Físico No para préstamo Forma de adquisición Localización permanente Localización actual Fecha adquisición Préstamos totales Signatura completa Código de barras Fecha última consulta Número de copia Fecha del precio de reemplazo Tipo de item de Koha
  Dewey Decimal Classification     Sala Especializada Tercer Piso Biblioteca Pública Germán Arciniegas - Villavicencio Biblioteca Pública Germán Arciniegas - Villavicencio 11/02/2016   363.7007 P171 31470 11/02/2016 Ej. 1 11/02/2016 LIbro
  Dewey Decimal Classification     Sala Especializada Tercer Piso Biblioteca Pública Germán Arciniegas - Villavicencio Biblioteca Pública Germán Arciniegas - Villavicencio 11/02/2016   363.7007 P171 31471 11/02/2016 Ej. 1 11/02/2016 DVD









Instituto Departamental de Cultura del Meta - Red Departamental de Bibliotecas Públicas del Meta.